Changing urban landscape : the case of London`s high-class residential fringe (Record no. 14547)

MARC details
000 -LEADER
fixed length control field 00993cab a2200205 4500
001 - CONTROL NUMBER
control field ABS40136
008 - FIXED-LENGTH DATA ELEMENTS--GENERAL INFORMATION
fixed length control field 090401t1988 xxu||||| |||| 00| 0 eng d
035 ## - SYSTEM CONTROL NUMBER
System control number (Sirsi) u21696
041 ## - LANGUAGE CODE
Language code of text/sound track or separate title eng
100 ## - MAIN ENTRY--PERSONAL NAME
Personal name Whitehead, J.W.R.
245 ## - TITLE STATEMENT
Title Changing urban landscape : the case of London`s high-class residential fringe
260 ## - PUBLICATION, DISTRIBUTION, ETC.
Date of publication, distribution, etc. 1988
350 ## - PRICE (NR) (BK AM CF MU VM SE) [OBSOLETE]
Price 0
490 ## - SERIES STATEMENT
Series statement Geographical Journal
Volume/sequential designation 154(3) November 1988, 351-366(16)
520 ## - SUMMARY, ETC.
Summary, etc. Examines the piecemeal townscape change within existing street patterns over the post-war period within London `s high-class residential fringe. Rising house prices , delays in handling planning applications and a relatively high incidence of appeals are indicative of the pressure on land . In these areas many developers, estate agents and financial institutions are benefiting from tight restraints on the availability of building land.
650 ## - SUBJECT ADDED ENTRY--TOPICAL TERM
Topical term or geographic name entry element SUBURBAN AREAS
690 ## - LOCAL SUBJECT ADDED ENTRY--TOPICAL TERM (OCLC, RLIN)
Topical term or geographic name as entry element PLANNING LAW AND PRACTICE
942 ## - ADDED ENTRY ELEMENTS (KOHA)
Suppress in OPAC 0
948 ## - LOCAL PROCESSING INFORMATION (OCLC); SERIES PART DESIGNATOR (RLIN)
c (OCLC) 04/03/1997
Holdings
Withdrawn status Lost status Source of classification or shelving scheme Damaged status Not for loan Home library Current library Shelving location Date acquired Total Checkouts Full call number Barcode Date last seen Copy number Price effective from Koha item type
    Dewey Decimal Classification     London London Journal article 14/09/1999   ABS40136 21696-1001 06/08/2019 1 06/08/2019 Journal article